| 000 | 00000nam 2200000za 4500 |
| 001 | 9.557328 |
| 003 | CaOODSP |
| 005 | 20221107133923 |
| 007 | cr ||||||||||| |
| 008 | 150406s2015 xxc|||||o f|0| 0 eng d |
| 020 | |a978-1-100-25855-3 |
| 040 | |aCaOODSP|beng |
| 041 | |aeng |
| 043 | |an-cn--- |
| 086 | 1 |aFo133-1/422E-PDF |
| 100 | 1 |aPrice, D. T. |
| 245 | 10|aAdapting sustainable forest management to climate change |h[electronic resource] : |ba comprehensive report on scenarios for vulnerability assessment / |cD. T. Price and K. J. Isaac. |
| 260 | |a[Ottawa] : |bNatural Resources Canada, |c2015. |
| 300 | |axxii, 98 p. : |bfigures, tables. |
| 490 | 1 |aInformation report. [NOR-X series]|vNOR-X-422E |
| 500 | |aThe ISSN (0831-8247) of the print edition has been incorrectly copied in this issue of the PDF edition. |
| 500 | |aIssued also in French under title: Adaptation de l’aménagement forestier durable aux changements climatiques : rapport exhaustif sur les scénarios de la vulnérabilité. |
| 504 | |aIncludes bibliographical references. |
| 546 | |a(Résumé en français) |
| 690 | 07|aClimate change|2gcpds |
| 690 | 07|aForest management|2gcpds |
| 700 | 1 |aIsaac, K. J. |
| 710 | 1 |aCanada. |bNatural Resources Canada. |bCanadian Forest Service. |
| 775 | 08|tAdapter de l'aménagement forestier durable aux changements climatiques |w(CaOODSP)9.629309 |
| 830 | #0|aInformation report (Northern Forestry Centre (Canada))|vNOR-X-422E|w(CaOODSP)9.504852 |
| 856 | 40|qPDF|s1103 KB|uhttps://publications.gc.ca/collections/collection_2015/rncan-nrcan/Fo133-1-422-eng.pdf |